00453nam a2200169Ia 4500003000400000008004100004040001600045082002500061100002400086245004600110700003000156300001000186490002700196650001900223650002600242650001500268GCL140319s9999 xx 000 0 ara d aGCL / cGCL04aطb956.56721bج ا1 aشريف الراس10aاحب بغداد / cشريف الراس1 aجورج البهجورى a19 ص aسلسلة وطنىv004aالاطفال04aادب الاطفال04aبغداد